000 00779nam a2200229 a 4500
001 000013676
005 20240530073932.0
008 091127s2002 dr 000 j spa d
020 _a9993486493
040 _aDO-SdBNP
_bspa
_cBNPHU
082 _aCu864.44
_bA676r
100 1 _aArdavín, Carlos X.
_d1967-
_918817
245 1 0 _aRetrato del crítico bisoño /
_cCarlos X. Ardavín ; prólogo Diógenes Céspedes.
260 _aSanto Domingo :
_bLetra Gráfica,
_c2002.
300 _a82 p. ;
_c20 cm.
500 _aIncluye datos biográficos del autor en la contracubierta
650 0 _aEnsayos dominicanos
_965
650 0 _aLiteratura dominicana.
_967
700 1 2 _aCéspedes, Diógenes,
_d1941-
_epról.
_920548
910 _aValidado. Control de calidad MFF
049 _aBNPD
999 _c13290
_d13290